[Event "Muensterland Verbandsklasse-B 0607"]
[Site "Germany"]
[Date "2007.01.20"]
[Round "5.2"]
[White "Schipke, Thorsten"]
[Black "Wewers, Reinhard"]
[Result "1-0"]
[WhiteElo "2001"]
[BlackElo "1951"]
[PlyCount "87"]
[EventDate "2006.09.23"]
[EventType "team"]
[EventRounds "9"]
[EventCountry "GER"]
[SourceTitle "EXT 2008"]
[Source "ChessBase"]
[SourceDate "2007.11.25"]
[SourceVersion "1"]
[SourceVersionDate "2007.11.25"]
[SourceQuality "1"]
[WhiteTeam "Nienberge"]
[BlackTeam "Buldern"]
[WhiteTeamCountry "GER"]
[BlackTeamCountry "GER"]

1. e4 e6 2. d4 d5 3. Nc3 Bb4 4. e5 c5 5. Nf3 Nc6 6. a3 Ba5 7. Be2 Nge7 8. 0-0 cxd4 9. Nb5 0-0 10. Nbxd4 Bc7 11. Nxc6 Nxc6 12. Bg5 Qe8 13. Bb5 Bd7 14. Bxc6 Bxc6 15. Re1 Qb8 16. Qd4 h6 17. Qh4 Bd8 18. Bf6 Bxf6 19. exf6 Qd8 20. fxg7 Kxg7 21. Qg4+ Kh7 22. Qf4 Bd7 23. Re5 f5 24. c4 dxc4 25. Rd1 Qc7 26. Rd4 Rac8 27. Qd2 Rf7 28. Rd6 Rg8 29. Nh4 Rg5 30. Nf3 Rg8 31. Re3 Rfg7 32. g3 Bc8 33. Ne5 Qe7 34. Qd4 b5 35. b3 f4 36. Rf3 fxg3 37. hxg3 Bb7 38. Rd7 Qxa3 39. Rxb7 cxb3 40. Rxg7+ Rxg7 41. Qd3+ Kg8 42. Qxb5 Qc1+ 43. Kg2 b2 44. Rb3 1-0

[Event "Muensterland Verbandsklasse-A 0506"]
[Site "Germany"]
[Date "2006.01.21"]
[Round "5.3"]
[White "Dieks, Matthias"]
[Black "Schipke, Thorsten"]
[Result "0-1"]
[WhiteElo "1803"]
[BlackElo "1998"]
[PlyCount "100"]
[EventDate "2005.09.03"]
[EventType "team"]
[EventRounds "9"]
[EventCountry "GER"]
[SourceTitle "EXT 2006"]
[Source "ChessBase"]
[SourceDate "2005.11.24"]
[SourceVersion "1"]
[SourceVersionDate "2005.11.24"]
[SourceQuality "1"]
[WhiteTeam "Emsdetten Rochade"]
[BlackTeam "Nienberge"]
[WhiteTeamCountry "GER"]
[BlackTeamCountry "GER"]

1. d4 Nf6 2. Nf3 d5 3. c4 e6 4. Nc3 Nc6 5. e3 Be7 6. b3 Bb4 7. Bd2 0-0 8. Qc2 Re8 9. a3 Bd6 10. c5 Bf8 11. b4 e5 12. dxe5 Nxe5 13. Nd4 c6 14. Be2 a6 15. Rd1 Nfg4 16. f3 Qh4+ 17. g3 Qh3 18. fxg4 Qg2 19. Rf1 Bxg4 20. Bxg4 Nxg4 21. Nce2 Re5 22. Nf3 Rxe3 23. Nfd4 Rae8 24. Bc1 R3e4 25. Rd3 Nxh2 26. Rf4 Ng4 27. Rdf3 Rxf4 28. Rxf4 Qxg3+ 29. Kd1 Nf2+ 30. Rxf2 Qxf2 31. Qd3 Qf1+ 32. Kc2 g6 33. Bd2 Bg7 34. Bc3 Re4 35. a4 h5 36. Qd2 h4 37. Kd3 Kh7 38. Qg5 Qh3+ 39. Kc2 Bh6 40. Qf6 Bg7 41. Qxf7 Qe3 42. b5 Re7 43. Qf1 h3 44. Kb2 axb5 45. axb5 cxb5 46. Kb3 Qd3 47. Qf2 Re4 48. Nf4 Qb1+ 49. Ka3 Qc1+ 50. Bb2 Qxf4 0-1